A carregar...

Milestaones in microbiology

Detalhes bibliográficos
Main Authors: T.D Brock, Thomas D Brock
Formato: Printed Book
Idioma:Undetermined
Publicado em: England 1961
Prentice Hall
LEADER 00621nam a2200229Ia 4500
008 141122s9999 xx 000 0 und d
040 |c . 
041 |a English 
041 |a Malayalam 
082 |a 616.9041 
082 |b BRO/MI 
100 |a T.D Brock 
100 |a Thomas D Brock 
245 |a Milestaones in microbiology 
245 |c Thomas D Brock 
260 |b England 
260 |b Prentice Hall  
260 |c 1961 
300 |a 273 Pages 
942 |c BK 
999 |c 12975  |d 12975 
952 |0 0  |1 0  |4 0  |6 616_904100000000000_BROMI  |7 0  |9 12807  |a COVAS  |b COVAS  |d 0000-00-00  |o 616.9041 BRO/MI  |p 4325  |r 2019-11-22  |w 2014-11-26  |y BK